Czy znasz głównych bohaterów anime? - Statystyki

Ogólne statystyki
  • Ten quiz został rozwiązany 2 254 razy
    1 765 od ostatniego zresetowania
  • Średni wynik to 20 z 50
Statystyki odpowiedzi
Bohater Anime % Poprawnych
11 Naruto Uzumaki Naruto
90%
8 Light Yagami Death Note
88%
25 Son Goku Dragon Ball
85%
4 Monkey D. Luffy One Piece
85%
5 Eren Yeager Shingeki no Kyojin
85%
1 Kaneki Ken Tokyo Ghoul
84%
6 Izuku Midoriya Boku no Hero Academia
80%
13 Saitama One Punch Man
77%
24 Ash Ketchum Pokemon
72%
10 Meliodas Nanatsu no Taizai
68%
30 Pico Boku no Pico
66%
36 Goblin Slayer Goblin Slayer
66%
20 Gon Freecss HunterxHunter
63%
49 Violet Evergarden Violet Evergarden
61%
17 Soul Eater Evans Soul Eater
60%
32 Ichigo Kurosaki Bleach
59%
21 Edward Elric Fullmetal Alchemist: Brotherhood
54%
29 Hinata Shoyo Haikyuu!!
50%
22 Natsu Dragneel Fairy Tail
49%
18 Subaru Natsuki Re:zero
46%
23 Lelouch Lamperouge Code Geass
45%
14 Yato Noragami
43%
31 Rin Okumura Ao no Exorcist
36%
39 Kuroko Tetsuya Kuroko no Basket
34%
28 Yuri Katsuki Yuri!!! on Ice
34%
43 Yuno Gasai Mirai Nikki
33%
48 Taiga Aisaka Toradora!
33%
16 Kirigaya Kazuto Sword Art Online
32%
50 Ciel Phantomhive Kuroshitsuji
31%
19 Shinji Ikari Neon Genesis Evangelion
30%
44 Ainz Ooal Gown Overlord
29%
3 Kazuma Satou Kono Subarashii Sekai ni Shukufuku wo!
28%
12 Sora No Game no Life
28%
27 Spike Spiegel Cowboy Bebop
23%
47 Souma Yukihira Shokugeki no Souma
22%
15 Yoh Asakura Shaman King
19%
9 Shirou Emiya Fate
17%
33 Nao Tomori Charlotte
16%
45 Kurisu Makise Steins;Gate
14%
42 Alibaba Saluja Magi
13%
38 Ryuuko Matoi Kill la Kill
12%
40 Shinichi Izumi Kiseijuu
12%
2 Yuzuru Otonashi Angel Beats
10%
35 Haruka Nanase Free!
9%
7 Sakamoto Ryouta Btooom!
7%
34 Hei Darker than Black
7%
37 Keiichi Maebara Higurashi no Naku Koro ni
7%
26 Minaco Aino Sailor Moon
6%
46 Shinya Kogami Psycho-Pass
5%
41 Akita Haruyuki Accel World
3%
Nie znaleziono quizów pasujących do podanych kryteriów
Rozkład punktacji
Procent ludzi z każdym wynikiem
Percentyl według liczby udzielonych odpowiedzi
Twoja historia wyników
Nie rozwiązałeś tego quizu od ostatniego zresetowania